000 00690nam a22002297a 4500
003 OSt
005 20251024022014.0
008 251021b |||||||| |||| 00| 0 eng d
020 _a0-07-238127-2.
040 _aDWCL-Main lib
_cOC
082 _aCirc. 808.0427 L272e 2001
100 _aLangan, John
245 _aEnglish skills
260 _aBoston :
_bMcGraw-Hill,
_cc2001.
300 _axiv, 640 pages :
_billustration ;
_c23 cm. + 1 CD-ROM.
504 _aIncludes index.
650 _21. College readers.
650 _22. English langauge-Study and teaching.
650 _23. English language-Grammar.
650 _24. Report writing.
942 _2ddc
_cBK-CIRC
_e7th ed,.
_kCirc.
_n0
999 _c4967
_d4967